| 000 | 00936nam a2200229 a 4500 | ||
|---|---|---|---|
| 003 | MX-MxUPN | ||
| 005 | 20220926090134.0 | ||
| 008 | 020906s1932 mx r 000 p spa d | ||
| 035 | _aUPN01000118936 | ||
| 040 |
_aMX-MxUPN _bspa _cMX-MxUPN |
||
| 041 | 0 | _aspa | |
| 050 | 1 | 4 |
_aPA6191 S7 _bE8 |
| 245 | 0 | 0 |
_aFlores del huerto clásico y joyas literarias desconocidas / _ctraducciones y comentarios críticos por Federico Escobedo ; carta-prólogo de Antonio Gómez Restrepo. |
| 260 |
_aMéxico : _bLumen, _c1932. |
||
| 300 | _a131 páginas | ||
| 650 | 7 |
_aPoesía latina _xTraducciones al español _2 _91268 |
|
| 650 | 7 |
_aPoesía latina medieval y moderna _xTraducciones al español _2 _910546 |
|
| 650 | 7 |
_aPoesía mexicana _xTraducciones del latín _2 _91288 |
|
| 700 | 1 |
_aEscobedo, Federico, _d1874-1949 _946027 _etraductor _eescritor de comentario |
|
| 700 | 1 |
_aGómez Restrepo, Antonio, _d1869-1947 _946028 _eprologuista |
|
| 942 |
_2lcc _cLIBRO |
||
| 999 |
_c91298 _d91298 |
||